000 00859nam a2200253 a 4500
001 000021236
005 20200930011253.0
008 100902s1975 sp abch 000 0 spa d
020 _a8430301852
040 _aDO-SdBNP
_bspa
_cBNPHU
043 _acl-----
082 _a980
_bR696h
100 1 _aRodríguez Lapuente, Manuel,
_944382
245 1 0 _aHistoria de Iberoamérica /
_cManuel Rodríguez Lapuente ; prólogo de Lázaro Sánchez.
260 _aBarcelona :
_bRamón Sopena,
_c1975.
300 _a679 p. :
_bil., mapas, retrs., fascs. ;
_c22 cm.
490 1 _aBiblioteca Hispania
500 _aIncluye índice
504 _aIncluye referencias bibliográficas y notas al pie de las páginas.
650 4 _aAmérica latina
_xHistoria
_940235
700 1 _aSánchez, Lázaro,
_epról.
_944383
830 0 _aBiblioteca Hispania
_944384
049 _aBNGR
999 _c20737
_d20737